Movies by Saturday Night Live (SNL) Alumni - Statistics

General Stats
  • This quiz has been taken 555 times
    82 since last reset
  • The average score is 19 of 31
Answer Stats
Year Actors Movie % Correct
1980 John Belushi, Dan Aykroyd The Blues Brothers
93%
1992 Mike Myers, Dana Carvey Wayne's World
85%
1996 Adam Sandler Happy Gilmore
84%
1984 Bill Murray, Dan Aykroyd Ghostbusters
82%
2011 Kristen Wiig, Maya Rudolph Bridesmaids
81%
1993 Bill Murray Groundhog Day
76%
1997 Mike Myers Austin Powers: International Man of Mystery
75%
1983 Dan Aykroyd, Eddie Murphy Trading Places
74%
1980 Bill Murray, Chevy Chase Caddyshack
71%
2001 Mike Myers, Eddie Murphy Shrek
71%
1978 John Belushi Animal House
68%
1995 Chris Farley, David Spade Tommy Boy
68%
1984 Eddie Murphy Beverly Hills Cop
66%
1993 Dan Aykroyd, Jane Curtin Coneheads
65%
2004 Will Ferrell, Chris Parnell Anchorman: The Legend of Ron Burgundy
60%
1995 Adam Sandler Billy Madison
60%
1986 Chevy Chase, Martin Short Three Amigos
60%
2003 Will Ferrell Elf
57%
1983 Chevy Chase National Lampoon's Vacation
56%
1998 Will Ferrell, Chris Kattan A Night at the Roxbury
53%
1988 Eddie Murphy Coming to America
53%
2004 Tina Fey, Amy Poehler, Tim Meadows Mean Girls
50%
1998 Adam Sandler The Waterboy
49%
1996 Chris Farley, David Spade Black Sheep
47%
1999 Molly Shannon Superstar
46%
1998 Adam Sandler The Wedding Singer
41%
2008 Will Ferrell Step Brothers
40%
2001 David Spade Joe Dirt
37%
2010 Will Forte, Kristen Wiig MacGruber
35%
1999 Rob Schneider Deuce Bigalow: Male Gigolo
34%
1998 Norm Macdonald Dirty Work
32%
No matching quizzes found
Score Distribution
Percent of People with Each Score
Percentile by Number Answered
Your Score History
You have not taken this quiz since the last reset